Chansons De Twice Par Son M/V - Statistiques

Statistiques générales
  • Ce quiz a été pris 1 019 fois
  • Le résultat moyen est 14 sur 20
Statistiques - réponses
Par images Réponse % Correct
Cheer Up
87%
What Is Love?
87%
Scientist
86%
Dance The Night Away
80%
Fancy
79%
POP !
76%
More & More
75%
Like Ooh-Ahh
72%
The Feels
72%
Alcohol-Free
71%
Knock Knock
69%
Moonlight Sunrise
68%
Signal
67%
Yes Or Yes
67%
I Can't Stop Me
66%
Likey
66%
Feel Special
61%
Heart Shaker
61%
Cry For Me
59%
Talk That Talk
54%
Aucun quiz correspondant
Distribution des résultats
% des personnes avec chaque résultat
Percentile par nombre de réponses
Votre historique - résultats
Vous n’avez pas pris ce quiz